00979nam a22002897a 4500001000200000003000900002005001700011008002400028020001500052040002200067082002700089100002700116245008500143250001300228260003200241300002200273490004400295534006700339590002600406650002600432650003100458700002200489910002400511942001200535952012700547999001500674 DO-SdBNP20221107093931.0880201s1988 sp spa  a8432090948 aBPMSUbspacBPMSU 4a813.4 bT969u 19882221 aTwain, Markd1835-191013aUn yanqui en la corte del rey Arturo /cMark Twain ; traducción, Pedro Elías a2a. ed. 1 aBarcelona: bPlaneta,c1998 a307 p.: c20 cm. 0 aBiblioteca mundial de grandes aventuras aTítulo original :tConnecticut yankee in King Arthur's court 6Inventariado, 2022/VM 4aNovela estadounidense 4aReyes y soberanos vNovela1 aElías, P.4tr.  aVMateo V./Valentina 2ddccBK 00102ddc40708CGaBPMETbBPMETd2015-11-18eFUNDIoBPMSU CG 813.4 T969u 1998pBPMSU15110358r2015-11-18w2015-11-18yBK c8788d8788